Directives pour les campagnes acoustiques dans la région de l'Afrique du Nord-Ouest (Record no. 46544)
[ view plain ]
| 000 -LEADER | |
|---|---|
| fixed length control field | 01379nam a22001457a 4500 |
| 005 - DATE AND TIME OF LATEST TRANSACTION | |
| control field | 20160609165209.0 |
| 008 - FIXED-LENGTH DATA ELEMENTS--GENERAL INFORMATION | |
| fixed length control field | 091117t xxu||||| |||| 00| 0 eng d |
| 040 ## - SOURCE DU CATALOGAGE | |
| Transcribing agency | BIDOC |
| 110 ## - VEDETTE PRINCIPALE - NOM DE COLLECTIVITE | |
| Corporate name or jurisdiction name as entry element | FAO |
| 9 (RLIN) | 2129 |
| 245 ## - TITLE STATEMENT | |
| Title | Directives pour les campagnes acoustiques dans la région de l'Afrique du Nord-Ouest |
| Remainder of title | = Guidelines for acoustic surveys in the northwest african region |
| 300 ## - PHYSICAL DESCRIPTION | |
| Extent | x - 49 p. |
| 520 ## - SUMMARY, ETC. | |
| Summary, etc | Ce manuel a pour but de présenter des directives pour une approche harmonisée dans la conduite des campagnes acoustiques dans la région de l'Afrique du Nord-Ouest. Cependant, il pourrait également être utile pour les autres régions ayant des caractéristiques environnementales et les ressources marines similaires. Les principes décrits ont été largement adoptés à partir de la stratégie de prospection suivie pendant les campagnes du N/R DR. FRIDTJOF NANSEN. Le manuel couvre des thèmes tels que la conception de la campagne, la calibration de l'équipement hydroacoustique, le paramétrage des instruments, l'identification des échos, l'estimation de la biomasse, l'analyse statistique, le format standard pour le stockage des données, l'échantillonnage environnemental et la présentation des résultats des campagnes. |
| 653 ## - INDEX TERM--UNCONTROLLED | |
| Uncontrolled term | Campagnes acoustiques |
| -- | Calibration |
| -- | Equipement hydroacoustique |
| -- | Biomasse |
| -- | Afrique |
| -- | Afrique du Nord-Ouest |
| 942 ## - ADDED ENTRY ELEMENTS (KOHA) | |
| Koha item type | Livre |
| Withdrawn status | Lost status | Damaged status | Not for loan | Location (home branch) | Sublocation or collection (holding branch) | Date acquired | Koha issues (times borrowed) | Koha full call number | Koha date last seen | Copy number | Price effective from | Koha item type |
|---|---|---|---|---|---|---|---|---|---|---|---|---|
| Bibliothèque-Centre de Documentation de la Faculté des Sciences Agronomiques | Bibliothèque-Centre de Documentation de la Faculté des Sciences Agronomiques | 17/11/2009 | PA.2009.001 | 17/11/2009 | A.11537 | 17/11/2009 | Livre |